000 00542nam a22001937a 4500
005 20251108174927.0
008 250721s2009 xx 000 0 ara d
082 1 4 _a551.575/موس
100 1 _aحسن موسى, علي
245 1 0 _aاطلس السحب /
264 1 _aدمشق :
_bدار نينوى،
_c2009.
300 _a178ص.
650 1 7 _aالغيوم
650 1 7 _aالسحب الجريئة
650 1 7 _aعناصر الرصد الجوي
700 1 _aالموسى, فواز أحمد
942 _2ddc
_cBK
999 _c121738
_d121738